Štúdium reaktivity alylového radikálu
Saved in:
| Main Author: | |
|---|---|
| Other Authors: | |
| Format: | Manuscript Book |
| Language: | Slovak |
| Published: |
2016
|
| Subjects: | |
| Online Access: | http://is.stuba.sk/zp/portal_zp.pl?podrobnosti=101560 |
| Tags: |
No Tags, Be the first to tag this record!
|
MARC
| LEADER | 00000ntm a22000003a 4500 | ||
|---|---|---|---|
| 001 | stuzp55333 | ||
| 003 | SK-STU | ||
| 005 | 20160719154734.8 | ||
| 007 | ta | ||
| 008 | 150427s2015----xo-----f-mn---000-0-slo-d | ||
| 040 | |a STU |b slo | ||
| 041 | 0 | |a slo | |
| 100 | 1 | |a Nikker, Miklós |u 048130 |4 aut |U FCHPT Ústav organickej chémie, katalýzy a petrochémie |T FCHPT Oddelenie organickej technológie, katalýzy a ropy |X 60991 |U C8130 |Y 123 |7 60991 | |
| 242 | 0 | 1 | |a Study of reactivity of allyl radical |y eng |
| 245 | 1 | 0 | |a Štúdium reaktivity alylového radikálu |
| 260 | |c 2016 | ||
| 650 | 4 | |a alylchlorid |2 slo | |
| 650 | 4 | |a radikál |2 slo | |
| 650 | 4 | |a katalyzátor |2 slo | |
| 650 | 4 | |a allyl chloride |2 eng | |
| 650 | 4 | |a radical |2 eng | |
| 650 | 4 | |a catalyst |2 eng | |
| 700 | 1 | |a Horváth, Blažej |u 048130 |k Z2 |4 ths |U FCHPT Ústav organickej chémie, katalýzy a petrochémie |T FCHPT Oddelenie organickej technológie, katalýzy a ropy |X 3937 |U C8130 |Y 123 |7 A000003937 | |
| 856 | 4 | |u http://is.stuba.sk/zp/portal_zp.pl?podrobnosti=101560 | |
| SQL | |a stuzp55333 |b DBP |c SLO |d Štúdium reaktivity alylového radikálu |e 60991 |f Nikker, Miklós |g 048130 |h 3937 |i Horváth, Blažej |j 20160711 |k 753 |l 04 |m http://is.stuba.sk/zp/portal_zp.pl?podrobnosti=101560 |n B-CHEMAT |o 4.1.14. chémia, 5.2.18. chemické technológie | ||